01017nam a2200253 a 450000100060000000300080000600500170001400800410003103500190007204000400009104100080013108200220013910000580016124500710021925000170029026000650030730000310037250000180040350401360042165000470055794200120060499900170061695201300063342750BD-RjUL20211209053603.0160615r19451940nyua b 001 0 eng  a(BD-RjUL)42868 aDLCcTxDNdOCoLCdDLCdBD-RjULbeng aeng a330223bJAO 19451 aJames, Clifford L.q(Clifford Lester),d1903-913139613aAn outline of the principles of economics /cby Clifford L. James  aRev. 5th ed. aNew York,bBarnes & Noble, inc.cc1940 [Reprinted 1941-1945] a274 p. : bill. ; c21 cm. aInclude index a"Tabulated bibliography of standard textbooks on economics": 4th prelim. leaf; "Special books and articles" at end of each chapter. 0aEconomicsxOutlines, syllabi, etc.9131398 2ddccBK c42750d42750 00102ddc40708NFICaRUCLbRUCLcStackd1974-03-11eCanada govt.l0o330 JAO 1945r2016-06-15 00:00:00tC-2w2016-06-15yBK